A behavioral theory of the firm (Record no. 84606)
[ view plain ]
| 000 -LEADER | |
|---|---|
| fixed length control field | 01008nam a2200181 a 4500 |
| 008 - FIXED-LENGTH DATA ELEMENTS--GENERAL INFORMATION | |
| fixed length control field | 080109s1963 ||||||||||||||||| || u |
| 050 ## - LIBRARY OF CONGRESS CALL NUMBER | |
| Classification number | HD 38 Cye |
| 100 ## - MAIN ENTRY--PERSONAL NAME | |
| Personal name | Cyert, Richard Michael |
| 245 12 - TITLE STATEMENT | |
| Title | A behavioral theory of the firm |
| 260 ## - PUBLICATION, DISTRIBUTION, ETC. | |
| Place of publication, distribution, etc. | Englewood Cliffs, N.J. |
| Name of publisher, distributor, etc. | FT Prentice-Hall |
| Date of publication, distribution, etc. | [1963] |
| 350 ## - | |
| -- | 0.00 |
| 650 #0 - SUBJECT ADDED ENTRY--TOPICAL TERM | |
| Topical term or geographic name entry element | MANAGEMENT |
| 650 ## - SUBJECT ADDED ENTRY--TOPICAL TERM | |
| Topical term or geographic name entry element | BEHAVIOURAL THEORY |
| 995 ## - | |
| -- | MAIN LIBRARY OPEN ACCESS |
| -- | 0.00 |
| -- | 702657 |
| -- | CBU-MAIN LIBRARY (Kitwe) |
| -- | 3 |
| -- | 0.00 |
| -- | HD 38 Cye |
| -- | 2 |
| -- | AVAILABLE |
| -- | 003470 |
| -- | Main Library Open Access Collection |
| 995 ## - | |
| -- | MAIN LIBRARY OPEN ACCESS |
| -- | 0.00 |
| -- | 702309 |
| -- | CBU-MAIN LIBRARY (Kitwe) |
| -- | 1 |
| -- | 0.00 |
| -- | HD 38 Cye |
| -- | 1 |
| -- | AVAILABLE |
| -- | 003469 |
| -- | Main Library Open Access Collection |
| 995 ## - | |
| -- | MAIN LIBRARY OPEN ACCESS |
| -- | 0.00 |
| -- | 710205 |
| -- | CBU-MAIN LIBRARY (Kitwe) |
| -- | 2 |
| -- | 0.00 |
| -- | HD 38 Cye |
| -- | 3 |
| -- | AVAILABLE |
| -- | 003472 |
| -- | Main Library Open Access Collection |
| 995 ## - | |
| -- | ANNEX COLLECTION (Main Library) |
| -- | 0.00 |
| -- | 710204 |
| -- | CBU-MAIN LIBRARY (Kitwe) |
| -- | 4 |
| -- | 0.00 |
| -- | HD 38 Cye |
| -- | 4 |
| -- | AVAILABLE |
| -- | 003471 |
| -- | Annex Low-Usage Collection |
| 999 ## - | |
| -- | 84606 |
| -- | 84606 |
No items available.